Building strategies.Strategies 2. : Workbook

Saved in:
Bibliographic Details
Main Author: Jones, Christopher (Author)
Format: Book
Language:English
Published: Harlow : Longman, 1990
Edition:1.vyd.-21.dotlač
Tags: Add Tag
No Tags, Be the first to tag this record!

MARC

LEADER 00000nam a22000003a 4500
001 stu79540
005 20150617225639.0
008 030306s1990----uk------------------eng-d
020 |a 0-582-57994-5 
040 |a STU  |b slo 
041 0 |a eng 
044 |a uk 
080 |a 802.0(075.8) 
100 1 |a Jones, Christopher  |4 aut 
245 1 |a Building strategies.Strategies 2. :  |b Workbook 
250 |a 1.vyd.-21.dotlač 
260 |a Harlow :  |b Longman,  |c 1990 
300 |a 48 s 
996 |b 284V028670  |c V*42330/O-18071 príl.  |l VVT  |s A  |a 24  |w stu79540_0001